| 000 -LEADER |
| fixed length control field |
00517nam a22001697a 4500 |
| 005 - DATE AND TIME OF LATEST TRANSACTION |
| control field |
20210427070557.0 |
| 008 - FIXED-LENGTH DATA ELEMENTS--GENERAL INFORMATION |
| fixed length control field |
210226s2011 ||||| |||| 00| 0 eng d |
| 040 ## - CATALOGING SOURCE |
| Original cataloging agency |
eng |
| Transcribing agency |
DLC |
| 082 ## - DEWEY DECIMAL CLASSIFICATION NUMBER |
| Classification number |
37 |
| Item number |
E-51 |
| 110 ## - MAIN ENTRY--CORPORATE NAME |
| 9 (RLIN) |
1159 |
| Corporate name or jurisdiction name as entry element |
Emory Magazine |
| 245 ## - TITLE STATEMENT |
| Title |
Emory Magazine / Anniversary Issue 175. Things You Should Know About Emory |
| Remainder of title |
:Vol. 87, Number 3 |
| 260 ## - PUBLICATION, DISTRIBUTION, ETC. |
| Place of publication, distribution, etc. |
Atlanta, Georgia |
| Name of publisher, distributor, etc. |
Emory University |
| Date of publication, distribution, etc. |
2011 |
| 300 ## - PHYSICAL DESCRIPTION |
| Extent |
80 p. |
| Other physical details |
ill. |
| 650 #0 - SUBJECT ADDED ENTRY--TOPICAL TERM |
| 9 (RLIN) |
318 |
| Topical term or geographic name entry element |
Education |
| 653 ## - INDEX TERM--UNCONTROLLED |
| Uncontrolled term |
განათლება |
| 942 ## - ADDED ENTRY ELEMENTS (KOHA) |
| Source of classification or shelving scheme |
|
| Koha item type |
periodicals |